000 03940ngm a2200697 i 4500
001 rbdvdDV0526
003 MdPfRBL
005 20200320212511.0
006 g|||||||||||||||||
007 vd cvaizu
008 121004s2018 mdunnn mleng d
020 _a9781980003380
028 0 1 _aDV0526
_bRecorded Books
040 _aMdPfRBL
_beng
_erda
_cMdPfRBL
050 4 _aPN1997.B94 2018
082 0 4 _a791.43
_223
245 1 0 _aBye bye Germany
_h[video recording] /
_cFilm Movement presents ; a film by Sam Garbarski.
250 _aUnabridged.
264 1 _aPrince Frederick, Md.. :
_bDistributed by RB Media,
_c[2018]
264 4 _c2018
300 _a1 videodisc (1 hr., 42 min.) :
_bsound, color,
_c4 3/4 in.
336 _atwo-dimensional moving image
337 _avideo
338 _avideodisc
344 _adigital
_bvideo
_2rda
347 _avideo file
_bDVD
_2rda
490 1 _aFilm Movement series
500 _aTitle from container.
500 _a1:85:1 widescreen.
500 _a5.1 surround sound / 2.0 stereophonic.
500 _aBonus short film: Strings (Animated-No Dialogue) (3 minutes) / dir. Erin Morris.
508 _aCinematographer, Virginie Saint-Martin ; music, Renaud Garcia-Fons ; editor, Peter R. Adam.
511 1 _aMoritz Bleibtreu, Antje Traue, Mark Ivanir, Hans Lw, Tim Seyfi.
520 _a"Frankfurt, 1946. David Bermann (Moritz Bleibtreu) and his Jewish friends have escaped the Nazi regime and are now dreaming of leaving for America. But how will they get the money in these tough post-war times? The smooth-talking businessman focuses on what the Germans now need most: fine bed linens nicely wrapped in amusing stories! The six talented entertainers go from home to home, praising housewives with ashy chutzpah until the flattered ladies have no choice but to buy their irresistible items. Business flourishes and a bright new future can be seen in the horizon. But questions about Bermann's past catch up with him. Why does he have two passports? What about his visit to Hitler's mountain retreat? Could he have collaborated with the Nazis? The smart and attractive but uncompromising US officer Sara Simon (Antje Traue) refuses to close the interrogation. She wants to get to the heart of Bermann's wartime memories. Sara matches his quick wit with iron severity, but it becomes increasingly difficult for her to escape his charm..."
521 8 _aNot rated by the MPAA.
538 _aDVD; Dolby surround; region 1.
546 _aIn German with English subtitles.
650 0 _aHolocaust survivors
_vDrama.
_95700187
650 0 _aJews
_zGermany
_vDrama.
_95975775
655 7 _aFeature films.
_2lcgft
_95975776
700 1 _aGarbarski, Sam,
_d1948-,
_escreenwriter,
_efilm director.
_95975777
700 1 _aThiltges, Jani,
_efilm producer.
_95975778
700 1 _aNedjad, Roshanak Behesht,
_efilm producer.
_95975779
700 1 _aBergmann, Michel,
_d1945-,
_escreenwriter.
_95975780
700 1 _aDelloye, Sbastien,
_efilm producer.
_95975781
700 1 _aBleibtreu, Moritz,
_d1971-,
_eactor.
_95881180
700 1 _aTraue, Antje,
_eactor.
_95975782
700 1 _aIvanir, Mark,
_eactor.
_970337
700 1 _aLw, Hans,
_d1976-,
_eactor.
_95975783
700 1 _aSeyfi, Tim,
_d1971-,
_eactor.
_95975784
700 1 _aSaint-Martin, Virginie,
_d1965-,
_ecinematographer.
_95975785
700 1 _aGarcia-Fons, Renaud,
_ecomposer (expression)
_95975786
710 2 _aRecorded Books, Inc.
_960865
830 0 _aFilm Movement series.
_970219
856 4 _3recordedbooks.com
_uhttps://www.recordedbooks.com/title-details/9781980003380
856 4 _3RBMedia
_uhttp://d2cv0ie6dlin9h.cloudfront.net/DV0526/DV0526_image_148x230.jpg
942 _cDVD
_06
945 _c(OCoLC)1041903302
948 _a08/08/2018
_zSirsi
996 _a151980
_b34301001556820
_cDVD
_dDVD
_ewcl
_fi
_g6
_h52.00
_lrecordedbook
_mBye
_p08/08/2018
_q12/20/2019
_r12/17/2019
999 _c310997
_d310996